都道府県名と同じ漢字が使われた市区町村 - Statistics

General Stats
  • This quiz has been taken 69 times
  • The average score is 78 of 126
Answer Stats
都道府県 回答 % Correct
秋田県 秋田市
93%
山形県 山形市
93%
福島県 福島市
93%
栃木県 栃木市
91%
千葉県 千葉市
91%
新潟県 新潟市
91%
岩手県 岩手町
89%
富山県 富山市
89%
長野県 長野市
89%
岐阜県 岐阜市
89%
静岡県 静岡市
89%
青森県 青森市
88%
福井県 福井市
88%
京都府 京都市
86%
大阪府 大阪市
86%
奈良県 奈良市
86%
和歌山県 和歌山市
86%
鳥取県 鳥取市
86%
岡山県 岡山市
86%
東京都 西東京市
84%
大阪府 東大阪市
84%
広島県 広島市
84%
山口県 山口市
84%
徳島県 徳島市
84%
山梨県 山梨市
82%
広島県 東広島市
82%
高知県 高知市
82%
佐賀県 佐賀市
82%
長崎県 長崎市
82%
宮崎県 宮崎市
82%
鹿児島県 鹿児島市
82%
北海道 北見市
80%
秋田県 北秋田市
80%
東京都 東村山市
80%
神奈川県 川崎市
80%
福岡県 福岡市
80%
熊本県 熊本市
80%
大分県 大分市
80%
沖縄県 沖縄市
80%
東京都 東大和市
79%
京都府 長岡京市
79%
茨城県 茨城町
77%
東京都 東久留米市
77%
岐阜県 岐南町
75%
京都府 京田辺市
75%
京都府 京丹後市
75%
茨城県 北茨城市
73%
愛知県 愛西市
73%
大阪府 大阪狭山市
71%
愛知県 知多市
70%
大阪府 阪南市
70%
島根県 隠岐の島町
70%
愛媛県 愛南町
70%
愛知県 知立市
68%
滋賀県 甲賀市
68%
鹿児島県 鹿屋市
68%
京都府 京丹波町
66%
東京都 江東区
64%
広島県 北広島町
64%
新潟県 新発田市
63%
東京都 文京区
61%
愛知県 南知多町
61%
大阪府 大東市
61%
徳島県 小松島市
61%
山形県 上山市
59%
千葉県 八千代市
59%
神奈川県 寒川町
59%
富山県 立山町
59%
北海道 北広島市
57%
宮城県 多賀城市
57%
山形県 村山市
57%
東京都 台東区
57%
広島県 江田島市
57%
福岡県 福津市
57%
栃木県 野木町
55%
神奈川県 愛川町
55%
岐阜県 山県市
55%
岡山県 津山市
55%
岩手県 岩泉町
54%
石川県 川北町
54%
鹿児島県 屋久島町
54%
北海道 別海町
52%
長野県 安曇野市
52%
大阪府 泉大津市
52%
山梨県 丹波山村
50%
岐阜県 土岐市
50%
滋賀県 多賀町
50%
和歌山県 北山村
50%
香川県 綾川町
50%
茨城県 城里町
48%
神奈川県 清川村
48%
山口県 山陽小野田市
48%
鹿児島県 三島村
48%
鹿児島県 十島村
48%
鹿児島県 徳之島町
48%
北海道 北斗市
46%
栃木県 茂木町
46%
山梨県 山中湖村
46%
長野県 野沢温泉村
46%
長野県 中野市
45%
広島県 大崎上島町
45%
大分県 豊後大野市
45%
福井県 坂井市
43%
大阪府 千早赤阪村
43%
島根県 西ノ島町
43%
鹿児島県 霧島市
43%
山形県 山辺町
41%
長野県 茅野市
41%
北海道 北竜町
36%
福島県 三島町
36%
和歌山県 九度山町
36%
長崎県 長与町
36%
長野県 長和町
34%
岡山県 笠岡市
34%
鹿児島県 長島町
34%
山形県 中山町
32%
徳島県 北島町
32%
福岡県 岡垣町
30%
山形県 舟形町
29%
茨城県 結城市
29%
福島県 中島村
27%
山形県 金山町
25%
長野県 辰野町
23%
福岡県 福智町
18%
高知県 越知町
16%
高知県 日高村
14%
No matching quizzes found
Score Distribution
Percent of People with Each Score
Percentile by Number Answered
Your Score History
You have not taken this quiz